[Event "Bad Woerishofen op"]
[Site "?"]
[Date "2003.??.??"]
[Round "3"]
[White "Schiffer, Steve"]
[Black "Porubszki, Georg"]
[Result "1-0"]
[WhiteElo "2171"]
[BlackElo "2044"]
[Annotator "ChessOrg"]
[PlyCount "120"]

1. e4 c6 2. d4 d5 3. Nc3 dxe4 4. Nxe4 Bf5 5. Ng3 Bg6 6. h4 h6 7. Nf3 Nd7 8. Bd3
Bxd3 9. Qxd3 Qc7 10. Bd2 Ngf6 11. Ne4 O-O-O 12. O-O-O Nxe4 13. Qxe4 Nf6 14. Qe2
e6 15. c4 Kb8 16. g3 Ka8 17. Kb1 Bd6 18. Bc3 Rhe8 19. Ne5 Bxe5 20. dxe5 Nd7 21.
f4 Nb8 22. Kc2 c5 23. Rxd8 Rxd8 24. Rd1 Nc6 25. Rxd8+ Qxd8 26. Qd3 Qxd3+ 27.
Kxd3 h5 28. Ke4 Ne7 29. Be1 Nf5 30. Bf2 b6 31. a3 a5 32. Kf3 Kb7 33. Ke4 Kc6
34. Kd3 a4 35. Kc3 b5 36. b3 g6 37. b4 cxb4+ 38. Kxb4 bxc4 39. Kxc4 Ne7 40. Kb4
Nd5+ 41. Kxa4 Nc3+ 42. Kb4 Ne4 43. Be1 Nc5 44. Kc4 Nd7 45. Bf2 Nb8 46. a4 Na6
47. a5 Nc7 48. Bc5 Nd5 49. a6 Nc7 50. a7 Na8 51. Kb4 Nc7 52. Bd6 Na8 53. Ka5
Nb6 54. Be7 Na8 55. Kb4 Nb6 56. Bd8 Na8 57. Kc4 Kd7 58. Ba5 Kc6 59. Kb4 Kb7 60.
Kc5 Kxa7 1-0

[Event "Bad Woerishofen op"]
[Site "?"]
[Date "2003.??.??"]
[Round "3"]
[White "Bischoff, Dieter"]
[Black "Pirrot, Dieter"]
[Result "0-1"]
[WhiteElo "2212"]
[BlackElo "2411"]
[Annotator "ChessOrg"]
[PlyCount "68"]

1. d4 d5 2. c4 Nc6 3. Nf3 Bg4 4. cxd5 Bxf3 5. gxf3 Qxd5 6. e3 e5 7. Nc3 Bb4 8.
Bd2 Bxc3 9. bxc3 Qd6 10. Rb1 O-O-O 11. Qb3 b6 12. Bc4 Nh6 13. O-O Qf6 14. Be2
exd4 15. cxd4 Qg5+ 16. Kh1 Nxd4 17. exd4 Qxd2 18. Ba6+ Kb8 19. Rbd1 Qa5 20. Bb5
Nf5 21. d5 Rd6 22. Rd3 Rhd8 23. Qc4 a6 24. Bxa6 Rxd5 25. Rc1 Qc5 26. Qf4 Qd6
27. Qe4 Qe6 28. Qc4 R5d7 29. Rxd7 Rxd7 30. Qa4 Qd5 31. Be2 Nd4 32. Rd1 Rd8 33.
Qa3 Qe5 34. Bf1 Rd6 {Rest unleserlich, 0-1 im 42.Zug} 0-1

[Event "Bad Woerishofen op"]
[Site "?"]
[Date "2003.??.??"]
[Round "3"]
[White "Pitl, Gregory"]
[Black "Schellmann, Frank"]
[Result "1/2-1/2"]
[WhiteElo "2280"]
[BlackElo "2115"]
[Annotator "ChessOrg"]
[PlyCount "69"]

1. d4 Nf6 2. c4 g6 3. Nc3 d5 4. cxd5 Nxd5 5. Na4 Bg7 6. e4 Nb6 7. Be3 O-O 8.
Nf3 Bg4 9. Nc5 Nc6 10. d5 Na5 11. Qc2 c6 12. Nxb7 Nxb7 13. dxc6 Qc7 14. Rc1 Nd6
15. Ba6 Bxf3 16. gxf3 Nd5 17. exd5 Qa5+ 18. b4 Qxa6 19. a4 Nf5 20. b5 Nxe3 21.
fxe3 Qa5+ 22. Ke2 a6 23. Qc5 axb5 24. axb5 Bb2 25. Rc2 Ba3 26. Qc4 Bd6 27. Rb1
Qb6 28. h4 Ra3 29. Rc3 Rxc3 30. Qxc3 Ra8 31. Rb3 Ra5 32. Qc4 Ra2+ 33. Kd3 Qa5
34. Qc3 Qb6 35. Qc4 1/2-1/2

[Event "Bad Woerishofen op"]
[Site "?"]
[Date "2003.??.??"]
[Round "3"]
[White "Ballon, Guenter-Jan"]
[Black "Schulz, Gert"]
[Result "1/2-1/2"]
[WhiteElo "2219"]
[BlackElo "2103"]
[Annotator "ChessOrg"]
[PlyCount "56"]

1. d4 g6 2. c4 Bg7 3. Nc3 d6 4. e4 Nc6 5. Be3 e5 6. Nge2 exd4 7. Nxd4 Nge7 8.
Be2 O-O 9. O-O f5 10. f3 fxe4 11. Nxe4 Nf5 12. Nxf5 Bxf5 13. Ng3 Be6 14. Qd2
Qf6 15. Rfd1 Kh8 16. Rac1 Rae8 17. b3 b6 18. Bd3 Nd4 19. Be4 Nf5 20. Bxf5 Bxf5
21. Bd4 Qxd4+ 22. Qxd4 Bxd4+ 23. Rxd4 Re5 24. Kf2 Rfe8 25. Rd2 a5 26. Re2 Bd3
27. Rd2 Bf5 28. Re2 Bd3 1/2-1/2

[Event "Bad Woerishofen op"]
[Site "?"]
[Date "2003.??.??"]
[Round "3"]
[White "Eschle, Hubert"]
[Black "Pohlers, Juergen"]
[Result "1-0"]
[WhiteElo "1969"]
[BlackElo "2144"]
[Annotator "ChessOrg"]
[PlyCount "51"]

1. e4 d5 2. exd5 Nf6 3. d4 Nxd5 4. c4 Nb6 5. Nc3 g6 6. Be3 Bg7 7. Qd2 c6 8. Rd1
h5 9. b3 N8d7 10. Bd3 Nf6 11. Qc2 Ng4 12. Nge2 Nxe3 13. fxe3 Bh6 14. Bxg6 fxg6
15. Qxg6+ Kd7 16. d5 c5 17. d6 Qe8 18. dxe7+ Kxe7 19. Qd6+ Kf7 20. Rf1+ Kg8 21.
Qg3+ Bg7 22. Nb5 Bg4 23. Nc7 Be5 24. Qh4 Bxc7 25. Qg5+ Kh7 26. Rf6 1-0

[Event "Bad Woerishofen op"]
[Site "?"]
[Date "2003.??.??"]
[Round "3"]
[White "Kugelmann, Joachim"]
[Black "Lindenmair, Anton"]
[Result "1-0"]
[WhiteElo "1922"]
[BlackElo "2132"]
[Annotator "ChessOrg"]
[PlyCount "81"]

1. e4 e5 2. Nf3 Nf6 3. d4 Nxe4 4. Bd3 d5 5. Nxe5 Nd7 6. Qe2 Nxe5 7. Bxe4 dxe4
8. Qxe4 Be6 9. Qxe5 Be7 10. c3 O-O 11. O-O Bd6 12. Qh5 Re8 13. Be3 Qd7 14. Nd2
Bg4 15. Qh4 Be7 16. Qg3 Bd6 17. Bf4 Re2 18. Nc4 Bxf4 19. Qxf4 Be6 20. Ne5 Qd6
21. b3 Qa3 22. Qf3 Rxa2 23. Rxa2 Qxa2 24. Qxb7 Rf8 25. c4 Bc8 26. Qxc7 Qxb3 27.
Nxf7 Bg4 28. Ne5 Be2 29. Qc6 Qb8 30. Qe6+ Kh8 31. Ra1 Qe8 32. Qxe8 Rxe8 33.
Rxa7 Bxc4 34. f4 Bd5 35. Rd7 Be4 36. g4 h6 37. Kf2 Rf8 38. Rd8 Rxd8 39. Nf7+
Kg8 40. Nxd8 Bd5 41. f5 1-0

[Event "Bad Woerishofen op"]
[Site "?"]
[Date "2003.??.??"]
[Round "3"]
[White "Engl, Heinz"]
[Black "Dierich, Jochen"]
[Result "1/2-1/2"]
[WhiteElo "2125"]
[BlackElo "1876"]
[Annotator "ChessOrg"]
[PlyCount "129"]

1. e4 g6 2. d4 Bg7 3. Nc3 d6 4. Be3 c6 5. a4 Nf6 6. f3 O-O 7. Bc4 d5 8. exd5
cxd5 9. Bb3 Nc6 10. Nge2 b6 11. O-O Ba6 12. Re1 Na5 13. Ba2 Nc4 14. Bxc4 Bxc4
15. Qd2 Re8 16. Bh6 Bh8 17. Nf4 e6 18. Bg5 Bg7 19. Nd3 Bxd3 20. Qxd3 a6 21. Qd2
Qc7 22. Bf4 Qc4 23. Nd1 Nd7 24. c3 b5 25. Ne3 Qc6 26. a5 f6 27. Rad1 Rad8 28.
Nc2 Bf8 29. h4 Bd6 30. Bxd6 Qxd6 31. Qh6 Re7 32. Re2 Rde8 33. Rde1 Nf8 34. Ne3
e5 35. Nc2 e4 36. f4 f5 37. Ne3 Rd8 38. Rf1 Rg7 39. g4 Qe6 40. Rg2 fxg4 41.
Rxg4 Rdd7 42. Rf2 Qf7 43. Rfg2 Ne6 44. f5 gxf5 45. Rxg7+ Nxg7 46. Qxa6 Kf8 47.
Qh6 f4 48. Rf2 f3 49. Ng4 Qg6 50. Qxg6 hxg6 51. b4 Nf5 52. Ne5 Rd6 53. Ra2 Ra6
54. Nd7+ Ke7 55. Nc5 Ra7 56. Rh2 e3 57. Nd3 f2+ 58. Nxf2 exf2+ 59. Kxf2 Nd6 60.
h5 gxh5 61. Rxh5 Ne4+ 62. Ke3 Nf6 63. Rh8 Nd7 64. Rh6 Nf6 65. Rh8 1/2-1/2

[Event "Bad Woerishofen op"]
[Site "?"]
[Date "2003.??.??"]
[Round "3"]
[White "Mueller, Manfred"]
[Black "Weiland, Guenther"]
[Result "1-0"]
[WhiteElo "2153"]
[BlackElo "2007"]
[Annotator "ChessOrg"]
[PlyCount "86"]

1. e4 g6 2. d4 Bg7 3. Nf3 d6 4. Nc3 Nf6 5. Bf4 O-O 6. Qd2 c6 7. Be2 Qa5 8. O-O
Bg4 9. h3 Bxf3 10. Bxf3 e5 11. dxe5 dxe5 12. Nd5 Qxd2 13. Nxf6+ Bxf6 14. Bxd2
Rd8 15. Rad1 Nd7 16. Bc3 Nf8 17. Bb4 Ne6 18. Bg4 Nf8 19. Rxd8 Bxd8 20. Bd6 h5
21. Be2 Bf6 22. Ba3 Rd8 23. Rd1 Ne6 24. Bb4 Nd4 25. Bd3 h4 26. Kf1 Ne6 27. c3
c5 28. Ba3 Be7 29. Bc2 Rxd1+ 30. Bxd1 Kf8 31. b3 Nf4 32. Bg4 g5 33. g3 Ng6 34.
Bh5 Kg7 35. Ke2 Kf6 36. Bc1 Nf8 37. Kf3 hxg3 38. fxg3 Ne6 39. Bg4 Kg7 40. Bf5
Nf8 41. Kg4 f6 42. Kh5 Kf7 43. h4 gxh4 1-0

[Event "Bad Woerishofen op"]
[Site "?"]
[Date "2003.??.??"]
[Round "3"]
[White "Hipp, Hermann"]
[Black "Schlierf, Andre"]
[Result "1-0"]
[WhiteElo "1864"]
[BlackElo "2107"]
[Annotator "ChessOrg"]
[PlyCount "63"]

1. Nf3 f5 2. d4 Nf6 3. c4 e6 4. Nc3 Be7 5. g3 O-O 6. Bg2 d6 7. O-O c6 8. Qb3
Qe8 9. Bg5 Qh5 10. Bxf6 Rxf6 11. e4 g5 12. exf5 Rxf5 13. Ne4 g4 14. Nfd2 d5 15.
Nc5 b6 16. Nd3 Qh6 17. f4 Bf6 18. Ne5 Bxe5 19. dxe5 Bb7 20. cxd5 cxd5 21. Qa3
Nc6 22. Rac1 Rh5 23. Qd6 Rxh2 24. Rf2 Nd4 25. Nf1 Rh5 26. Rc7 Ba6 27. Bxd5 Nf3+
28. Bxf3 gxf3 29. Nh2 Qg6 30. Rxf3 Qb1+ 31. Nf1 Bxf1 32. Qxe6+ 1-0

[Event "Bad Woerishofen op"]
[Site "?"]
[Date "2003.??.??"]
[Round "3"]
[White "Vu Van, Anh"]
[Black "Fries, Elisabeth"]
[Result "0-1"]
[WhiteElo "1700"]
[BlackElo "1469"]
[Annotator "ChessOrg"]
[PlyCount "53"]

1. d4 d5 2. e3 Nf6 3. Nc3 c6 4. Nf3 Bf5 5. Bd3 Bxd3 6. Qxd3 e6 7. Ne5 Nbd7 8.
Nxd7 Qxd7 9. O-O Bd6 10. Re1 O-O 11. e4 dxe4 12. Nxe4 Nxe4 13. Rxe4 Be7 14. Rg4
f5 15. Rg3 Bf6 16. c3 g6 17. Bh6 Rf7 18. Re1 Re8 19. f4 Bh4 20. Ree3 Bxg3 21.
Rxg3 Qd5 22. Qe2 Kh8 23. b3 c5 24. Rd3 cxd4 25. Rxd4 Qc6 26. Qe5+ Kg8 27. Qd6
0-1

[Event "Bad Woerishofen op"]
[Site "?"]
[Date "2003.??.??"]
[Round "3"]
[White "Breiter, Juergen"]
[Black "Fries, Werner"]
[Result "0-1"]
[WhiteElo "1308"]
[BlackElo "1612"]
[Annotator "ChessOrg"]
[PlyCount "70"]

1. d4 Nf6 2. c4 e5 3. dxe5 Ng4 4. Nf3 Nc6 5. Bf4 Qe7 6. a3 Ngxe5 7. Nxe5 Nxe5
8. e3 d6 9. Be2 Ng6 10. Bg3 Qe4 11. O-O Nh4 12. Bxh4 Qxh4 13. Nc3 c6 14. Qc2
Be7 15. Qe4 Qf6 16. Bg4 Bxg4 17. Qxg4 h5 18. Qe2 O-O-O 19. f4 Qh6 20. Rf3 f5
21. Raf1 Bf6 22. Qc2 g6 23. e4 Bd4+ 24. Kh1 Rhf8 25. Ne2 fxe4 26. Qxe4 Bxb2 27.
Qc2 Bf6 28. a4 d5 29. Rg3 Rg8 30. cxd5 Rxd5 31. Qe4 Qg7 32. Rc1 Qe7 33. Qxd5
Rd8 34. Qc4 Rd2 35. Ng1 Qg7 0-1

[Event "Bad Woerishofen op"]
[Site "?"]
[Date "2003.??.??"]
[Round "3"]
[White "Mathes, Christian"]
[Black "Klein, Reinhard"]
[Result "1/2-1/2"]
[WhiteElo "1317"]
[BlackElo "1643"]
[Annotator "ChessOrg"]
[PlyCount "75"]

1. d4 Nf6 2. c4 e6 3. Nf3 b6 4. g3 Bb7 5. Bg2 c5 6. e3 Qc7 7. b3 cxd4 8. exd4
g6 9. O-O Bg7 10. Bb2 O-O 11. Nbd2 d6 12. Re1 Re8 13. Rc1 Nbd7 14. Qc2 Rac8 15.
Qb1 Qb8 16. Re2 d5 17. Ng5 Ba6 18. Ree1 Bh6 19. h4 Qd6 20. Rc2 Nh5 21. Ngf3 Bg7
22. Qd1 Bb7 23. Ne5 f6 24. Nef3 e5 25. dxe5 fxe5 26. cxd5 Rxc2 27. Qxc2 Qxd5
28. Qc4 Qxc4 29. Nxc4 Bxf3 30. Bxf3 Nhf6 31. Nxe5 Nc5 32. Rd1 Nfd7 33. Nxd7
Bxb2 34. Nxc5 bxc5 35. Rd7 a5 36. Ra7 Bc3 37. Ra8 Rxa8 38. Bxa8 1/2-1/2

[Event "Bad Woerishofen op"]
[Site "?"]
[Date "2003.??.??"]
[Round "3"]
[White "Walton, Alan"]
[Black "Santner, Thomas"]
[Result "1-0"]
[WhiteElo "2144"]
[BlackElo "1969"]
[Annotator "ChessOrg"]
[PlyCount "69"]

1. d4 Nf6 2. Bg5 c5 3. Bxf6 gxf6 4. dxc5 Qa5+ 5. Qd2 Qxc5 6. Nc3 e6 7. e4 Nc6
8. Nf3 a6 9. Be2 d6 10. a3 Qa5 11. O-O Qc7 12. b4 Bd7 13. Rfd1 h5 14. Rab1 Be7
15. a4 Ne5 16. Nxe5 fxe5 17. Qe3 b6 18. Rb3 Qb7 19. b5 a5 20. Nb1 O-O-O 21. Na3
d5 22. exd5 exd5 23. Qxe5 Be6 24. Bf3 Bd6 25. Qe2 Qc7 26. h3 Qe7 27. Rc3+ Kb8
28. Rc6 Bxa3 29. Rxb6+ Ka7 30. Ra6+ Kb7 31. c4 Qg5 32. h4 Qf4 33. cxd5 Bg4 34.
d6+ Kb8 35. Ra8# 1-0

[Event "Bad Woerishofen op"]
[Site "?"]
[Date "2003.??.??"]
[Round "3"]
[White "Steiger, Walfried"]
[Black "von Saldern, Ruediger"]
[Result "0-1"]
[WhiteElo "1960"]
[BlackElo "2143"]
[Annotator "ChessOrg"]
[PlyCount "58"]

1. Nf3 d5 2. e4 dxe4 3. Ng5 Nf6 4. Bc4 e6 5. Nc3 Be7 6. O-O O-O 7. Ngxe4 Nbd7
8. Qe2 b6 9. d3 Bb7 10. Bf4 Nd5 11. Bd2 N7f6 12. Rae1 Re8 13. g4 h6 14. g5 hxg5
15. Nxg5 Nh7 16. Nxh7 Kxh7 17. Qh5+ Kg8 18. Bxd5 exd5 19. Re3 g6 20. Rg3 Bf6
21. Bg5 Re5 22. f4 Rf5 23. Qh4 Bxg5 24. fxg5 Rxf1+ 25. Kxf1 Bc8 26. Qd4 Be6 27.
Qe5 Qd7 28. Rf3 Re8 29. Rf4 Bh3+ 0-1

[Event "Bad Woerishofen op"]
[Site "?"]
[Date "2003.??.??"]
[Round "3"]
[White "Gerhards, Walter"]
[Black "Bienhuels, Franz-Josef"]
[Result "1-0"]
[WhiteElo "2140"]
[BlackElo "1927"]
[Annotator "ChessOrg"]
[PlyCount "67"]

1. e4 c5 2. Nf3 a6 3. c4 e6 4. Nc3 Qc7 5. g3 Nc6 6. Bg2 Nf6 7. O-O d6 8. b3 Be7
9. Bb2 e5 10. Nd5 Nxd5 11. cxd5 Na5 12. Rc1 Qd8 13. d3 Bg4 14. Qc2 Bxf3 15.
Bxf3 O-O 16. Bg4 g6 17. f4 f5 18. Bh3 exf4 19. gxf4 Bf6 20. e5 Bg7 21. Bg2 b6
22. Qf2 Rc8 23. Qg3 Re8 24. Rce1 Re7 25. Re2 Qe8 26. Rfe1 b5 27. h4 Nb7 28. Bh3
dxe5 29. fxe5 f4 30. Qxf4 Rf7 31. Qg3 Qf8 32. Bg2 Bh6 33. d6 Bf4 34. Qg4 1-0

[Event "Bad Woerishofen op"]
[Site "?"]
[Date "2003.??.??"]
[Round "3"]
[White "Hillenbrand, Alexander"]
[Black "Hajenius, Willem"]
[Result "1-0"]
[WhiteElo "2155"]
[BlackElo "2017"]
[Annotator "ChessOrg"]
[PlyCount "77"]

1. e4 c5 2. c3 b6 3. d4 Bb7 4. Bd3 Nf6 5. Nd2 cxd4 6. cxd4 Nc6 7. Ngf3 Nb4 8.
Bb1 Ba6 9. Nf1 Rc8 10. a3 Bxf1 11. Rxf1 Nc6 12. Bd3 e6 13. Ba6 Nxe4 14. Bxc8
Qxc8 15. Qc2 Nf6 16. Ne5 Be7 17. Be3 O-O 18. Rc1 Nd5 19. Nxd7 Qxd7 20. Qxc6 Qd8
21. Ke2 Bf6 22. Rfd1 h5 23. Kf1 h4 24. h3 g5 25. Qc2 Be7 26. Qe4 Qd7 27. f4
Qb5+ 28. Kg1 gxf4 29. Bxf4 Nxf4 30. Qxf4 Bg5 31. Qg4 Kh7 32. Rc7 Kh6 33. Kh1 f5
34. Qf3 Rg8 35. Re1 Rg6 36. Qb7 Bf6 37. Rh7+ Kg5 38. Qf3 Bxd4 39. Qh5+ 1-0

[Event "Bad Woerishofen op"]
[Site "?"]
[Date "2003.??.??"]
[Round "3"]
[White "Damm, Fabian"]
[Black "Ragsch, Klaus"]
[Result "1/2-1/2"]
[WhiteElo "2130"]
[BlackElo "1890"]
[Annotator "ChessOrg"]
[PlyCount "146"]

1. e4 e5 2. Nf3 Nf6 3. Nc3 Nc6 4. Bb5 Bb4 5. d3 h6 6. O-O O-O 7. Bxc6 bxc6 8.
Nxe5 Re8 9. f4 Bb7 10. Kh1 d5 11. Qf3 Rb8 12. Rd1 Bf8 13. Bd2 Qd6 14. Be1 Nd7
15. Nxd7 Qxd7 16. a3 Rbd8 17. b4 a6 18. Bf2 Qe6 19. e5 Bc8 20. h3 g5 21. d4 Qg6
22. fxg5 hxg5 23. Qg3 Be7 24. Rd2 Kg7 25. Be3 Rh8 26. Kg1 g4 27. hxg4 Bh4 28.
Qf4 Bxg4 29. g3 Be6 30. Kf2 Be7 31. Rg1 Rh5 32. g4 Rh4 33. Ke1 Rdh8 34. Rdg2
Kf8 35. Kd1 Rg8 36. Kc1 Bg5 37. Qxg5 Qxg5 38. Bxg5 Rxg5 39. Na4 Rhxg4 40. Rxg4
Rxg4 41. Rxg4 Bxg4 42. Nc5 Bc8 43. Kd2 Ke7 44. Ke3 f6 45. exf6+ Kxf6 46. Kf4
Kf7 47. Ke5 Ke7 48. a4 Kf7 49. b5 cxb5 50. axb5 axb5 51. Kxd5 Ke7 52. Kc6 Kd8
53. Kxb5 Bg4 54. Kc6 Kc8 55. d5 Bh5 56. Ne6 Be8+ 57. Kc5 Kd7 58. c4 Kc8 59. Kd4
Ba4 60. Ke5 Bb3 61. c5 Bc4 62. Kd4 Bb5 63. c6 Ba4 64. Kc5 Bb3 65. Nxc7 Kxc7 66.
d6+ Kc8 67. Kd4 Ba4 68. Kd5 Bb3+ 69. Kc5 Ba4 70. Kb6 Kd8 71. Kb7 Bxc6+ 72. Kxc6
Kc8 73. Kd5 Kd8 1/2-1/2

[Event "Bad Woerishofen op"]
[Site "?"]
[Date "2003.??.??"]
[Round "3"]
[White "Laurent, Michel"]
[Black "Einwiller, Dieter"]
[Result "0-1"]
[WhiteElo "2012"]
[BlackElo "2153"]
[Annotator "ChessOrg"]
[PlyCount "82"]

1. b3 e5 2. Bb2 d6 3. e3 Bf5 4. Nf3 Nc6 5. d4 exd4 6. Nxd4 Nxd4 7. Bxd4 Nf6 8.
Nd2 Be7 9. Be2 O-O 10. O-O d5 11. Nf3 c6 12. c4 Qa5 13. Ne5 c5 14. Bb2 Rad8 15.
cxd5 Nxd5 16. Nc4 Qc7 17. Qc1 b5 18. Nd2 a6 19. a3 Rd7 20. Nf3 Bf6 21. Bxf6
Nxf6 22. Qb2 Rfd8 23. Rfd1 h6 24. Rxd7 Rxd7 25. h3 Rd5 26. Rc1 Qd6 27. a4 Bd3
28. Bxd3 Rxd3 29. axb5 axb5 30. Qc2 Qd5 31. Qxc5 Rxb3 32. Qc2 Ne4 33. Rd1 Qc4
34. Rd8+ Kh7 35. Qxc4 bxc4 36. Rc8 Rb1+ 37. Kh2 c3 38. Rc4 Nxf2 39. Kg3 Rb2 40.
Ne1 Nd1 41. Rc7 Re2 0-1

[Event "Bad Woerishofen op"]
[Site "?"]
[Date "2003.??.??"]
[Round "3"]
[White "Mader, Sascha"]
[Black "Magar, Johannes"]
[Result "1/2-1/2"]
[WhiteElo "1900"]
[BlackElo "2124"]
[Annotator "ChessOrg"]
[PlyCount "80"]

1. e4 c6 2. d4 d5 3. exd5 Qxd5 4. Nf3 Nf6 5. c4 Qd6 6. Nc3 Bg4 7. Be2 Nbd7 8.
Qb3 Qc7 9. Be3 e6 10. h3 Bh5 11. O-O Be7 12. d5 e5 13. Rfe1 O-O 14. Nh4 Bxe2
15. Rxe2 g6 16. Bh6 Rfe8 17. Nf3 Bf8 18. Bxf8 Rxf8 19. Qb4 a5 20. Qa3 cxd5 21.
cxd5 Rfe8 22. d6 Qc6 23. Rae1 b5 24. Ne4 Nxe4 25. Rxe4 b4 26. Qd3 Nc5 27. Qc2
Qxd6 28. Rxe5 Rxe5 29. Rxe5 Ne6 30. Qc4 Qd1+ 31. Re1 Qd6 32. Ne5 Qd2 33. Qe4
Rc8 34. Rf1 Qxb2 35. Nc6 Rc7 36. Nxa5 Ra7 37. Nc6 Rxa2 38. Qxb4 Qxb4 39. Nxb4
Rb2 40. Nd3 Rd2 1/2-1/2

[Event "Bad Woerishofen op"]
[Site "?"]
[Date "2003.??.??"]
[Round "3"]
[White "Oud, Niek"]
[Black "Ross, Matthias"]
[Result "1-0"]
[WhiteElo "2123"]
[BlackElo "1796"]
[Annotator "ChessOrg"]
[PlyCount "119"]

1. d4 d5 2. c4 dxc4 3. e4 e5 4. d5 Nf6 5. Nc3 c6 6. dxc6 Qxd1+ 7. Kxd1 Nxc6 8.
Bxc4 Bc5 9. f3 O-O 10. Bg5 a6 11. Nge2 b5 12. Bb3 Nb4 13. a3 Rd8+ 14. Kc1 Nd3+
15. Kc2 Be7 16. Bxf6 Bxf6 17. Bd5 Rxd5 18. Nxd5 Nc5 19. Nxf6+ gxf6 20. b4 Na4
21. Nc3 Nb6 22. Nd5 Nc4 23. Nxf6+ Kg7 24. Nd5 Be6 25. Nc7 Rd8 26. Nxe6+ fxe6
27. a4 Kf6 28. axb5 axb5 29. Kc3 Rd2 30. Rhg1 Re2 31. Ra7 Re3+ 32. Kc2 Re2+ 33.
Kb3 Re3+ 34. Ka2 Re2+ 35. Ka1 Rb2 36. h4 Kg6 37. Ra2 Rb3 38. Ra6 Kf7 39. Rb1
Rd3 40. Rc1 h6 41. Ra7+ Kf6 42. Rg1 Kg6 43. Ra6 Kf6 44. Rh1 Re3 45. Rg1 Rb3 46.
g4 Rxf3 47. g5+ hxg5 48. hxg5+ Kg7 49. g6 Ra3+ 50. Rxa3 Nxa3 51. Kb2 Nc4+ 52.
Kc3 Nd6 53. Kd3 Ne8 54. Rc1 Kxg6 55. Rc5 Nd6 56. Rxe5 Kf6 57. Kd4 Ke7 58. Rh5
Kd7 59. e5 Nb7 60. Rh7+ 1-0

[Event "Bad Woerishofen op"]
[Site "?"]
[Date "2003.??.??"]
[Round "3"]
[White "Wiesbeck, Florian"]
[Black "Pohl, Walter"]
[Result "0-1"]
[WhiteElo "1882"]
[BlackElo "2121"]
[Annotator "ChessOrg"]
[PlyCount "88"]

1. d4 c5 2. dxc5 Qa5+ 3. c3 Qxc5 4. e4 Nf6 5. Be3 Qa5 6. Nd2 d6 7. Nb3 Qc7 8.
f3 e5 9. Bd3 Be7 10. Ne2 O-O 11. O-O d5 12. exd5 Nxd5 13. Bxh7+ Kxh7 14. Qxd5
Be6 15. Qd2 a5 16. Ng3 a4 17. Qc2+ f5 18. Nc1 g6 19. Bf2 b5 20. Nd3 Nd7 21. b3
Rfc8 22. Rac1 axb3 23. axb3 Ra3 24. Rfe1 Rxb3 25. Ne2 Bf6 26. Qd2 Bf7 27. Rb1
Nb6 28. Rxb3 Bxb3 29. Bg3 Rd8 30. Nd4 Nc4 31. Qe2 f4 32. Nxb3 fxg3 33. hxg3
Qb6+ 34. Kf1 Kg7 35. Nbc5 Bg5 36. f4 Be7 37. Ne4 exf4 38. gxf4 Rh8 39. Nef2 Bf6
40. Ne5 Bxe5 41. fxe5 Rh5 42. Rb1 Ne3+ 43. Kg1 Rxe5 44. Qd3 Qc6 0-1

[Event "Bad Woerishofen op"]
[Site "?"]
[Date "2003.??.??"]
[Round "3"]
[White "Schenk, Uwe"]
[Black "Schwarz, Gerd"]
[Result "1-0"]
[WhiteElo "2116"]
[BlackElo "1748"]
[Annotator "ChessOrg"]
[PlyCount "73"]

1. Nf3 Nf6 2. c4 c5 3. Nc3 Nc6 4. g3 g6 5. Bg2 Bg7 6. d4 cxd4 7. Nxd4 O-O 8.
O-O a6 9. c5 Qa5 10. Nb3 Qc7 11. Bf4 e5 12. Bg5 Ne7 13. Qd2 Rb8 14. Na4 Rd8 15.
Rfd1 Nf5 16. Nb6 Ne7 17. Rac1 Kf8 18. Nc4 Nf5 19. e4 Ne7 20. h3 Neg8 21. Kh2 h6
22. Be3 g5 23. Nd6 Ne7 24. Qd3 Nc6 25. Qc4 Kg8 26. Qxf7+ Kh7 27. Nf5 Rg8 28.
Nxg7 Rxg7 29. Qxf6 Ne7 30. Rd6 Ng6 31. Bd2 Ra8 32. Ba5 Qb8 33. Bb6 a5 34. Nd2
a4 35. Nc4 a3 36. bxa3 Ra4 37. Ne3 1-0

[Event "Bad Woerishofen op"]
[Site "?"]
[Date "2003.??.??"]
[Round "3"]
[White "Roesner, Harald"]
[Black "Schuster, Gerhard"]
[Result "1-0"]
[WhiteElo "2000"]
[BlackElo "2151"]
[Annotator "ChessOrg"]
[PlyCount "141"]

1. d4 Nf6 2. Nf3 b6 3. Bf4 e6 4. e3 Be7 5. Bd3 Bb7 6. Nbd2 c5 7. h3 Nc6 8. c3
d5 9. O-O O-O 10. Bh2 Bd6 11. Ne5 Bxe5 12. dxe5 Nd7 13. f4 g6 14. Nf3 Qe7 15.
Bg3 f6 16. e4 Rad8 17. Bc2 d4 18. cxd4 cxd4 19. Nxd4 fxe5 20. Nxe6 Nd4 21. Nxf8
Rxf8 22. Bb3+ Kg7 23. fxe5 Qc5 24. Bf2 Rxf2 25. Rxf2 Nxe5 26. Rc1 Ne2+ 27. Qxe2
Qxc1+ 28. Kh2 Qc7 29. Kh1 Qc5 30. Qc2 Qe7 31. Qc3 Kh6 32. Qe3+ Kg7 33. Qc3 Kh6
34. Qe3+ Kg7 35. Qc3 Kh6 36. Qg3 Kg7 37. Kh2 Bc6 38. Bd5 Ba4 39. b3 Bb5 40. a4
Be8 41. Qc3 Bd7 42. Rc2 Qg5 43. Qg3 Qe7 44. Rc7 a6 45. Bc4 a5 46. Bb5 Qe6 47.
Bxd7 Nxd7 48. Qh4 Kh8 49. Qf4 Kg8 50. Kh1 Ne5 51. Qg5 Nf7 52. Qd5 Qf6 53. Qxf7+
Qxf7 54. Rxf7 Kxf7 55. Kg1 Ke6 56. Kf2 Kd6 57. h4 Kc5 58. Ke3 b5 59. axb5 Kxb5
60. Kd4 Kb4 61. e5 Kxb3 62. e6 a4 63. e7 a3 64. e8=Q a2 65. Qb5+ Kc2 66. Qc4+
Kb2 67. Qxa2+ Kxa2 68. Ke5 Kb3 69. Kf6 Kc4 70. Kg7 Kd5 71. Kxh7 1-0

[Event "Bad Woerishofen op"]
[Site "?"]
[Date "2003.??.??"]
[Round "3"]
[White "Teich, Udo"]
[Black "Zillich, Raimar"]
[Result "1-0"]
[WhiteElo "2104"]
[BlackElo "1637"]
[Annotator "ChessOrg"]
[PlyCount "89"]

1. d4 Nf6 2. Nf3 e6 3. g3 b6 4. Bg2 Bb7 5. O-O Be7 6. c4 O-O 7. Nc3 d6 8. Qc2
Nbd7 9. Bd2 c5 10. e4 cxd4 11. Nxd4 Rc8 12. b3 d5 13. exd5 exd5 14. Qd1 Ne5 15.
Bf4 Ng6 16. Bg5 Ne4 17. Bxe7 Nxc3 18. Bxd8 Nxd1 19. Rfxd1 Rfxd8 20. Nf5 Ba8 21.
cxd5 Rc5 22. Rd2 Ne5 23. Rad1 Kf8 24. h3 g6 25. Ne3 f5 26. Rd4 Nd7 27. g4 fxg4
28. hxg4 Nf6 29. Kh2 Ne8 30. Kg3 Nd6 31. Kf4 Rc7 32. Kg3 Kg7 33. f4 Rc3 34.
R4d3 Rc7 35. R1d2 Re8 36. Nd1 Rce7 37. Rd4 h5 38. R4d3 hxg4 39. Kxg4 Re2 40.
Bf3 Rxd2 41. Rxd2 Rc8 42. Re2 Nb5 43. Re7+ Kf8 44. Rd7 Nd4 45. Be4 1-0

[Event "Bad Woerishofen op"]
[Site "?"]
[Date "2003.??.??"]
[Round "3"]
[White "Deues, Erik"]
[Black "Dornreiter, Michael"]
[Result "1-0"]
[WhiteElo "2100"]
[BlackElo "1475"]
[Annotator "ChessOrg"]
[PlyCount "123"]

1. d4 d5 2. Nf3 Nc6 3. e3 Nf6 4. c4 Bg4 5. Nc3 e6 6. cxd5 Nxd5 7. Bb5 Bb4 8.
Bd2 O-O 9. Bxc6 bxc6 10. a3 Bd6 11. h3 Bxf3 12. Qxf3 f5 13. Rc1 Ne7 14. O-O e5
15. dxe5 Bxe5 16. Rfd1 Qe8 17. Na4 Rf6 18. Bc3 Bxc3 19. Rxc3 Rd8 20. Nc5 Rxd1+
21. Qxd1 Rd6 22. Qb3+ Kh8 23. Rd3 Nd5 24. Rd4 Nb6 25. Qd3 Qe5 26. b4 h6 27. Nb7
Rxd4 28. Qxd4 Qxd4 29. exd4 Nc4 30. a4 Nb2 31. Na5 Nxa4 32. Nxc6 Nc3 33. Kf1
Nd5 34. b5 Kg8 35. Nxa7 Kf8 36. Ke2 Ke7 37. g3 Kd7 38. Kd3 g5 39. Nc6 h5 40.
Ne5+ Ke6 41. Nf3 g4 42. hxg4 fxg4 43. Nd2 Nf6 44. Nc4 Nd5 45. Ne3 Nf6 46. Kc4
Ne4 47. Nd1 Nd6+ 48. Kc5 Nxb5 49. Kxb5 Kd5 50. Nc3+ Kxd4 51. Ne2+ Ke4 52. Ng1
Kd5 53. Kb4 c5+ 54. Kc3 c4 55. Ne2 Ke4 56. Nd4 Kd5 57. Nf5 Ke4 58. Ng7 Kf3 59.
Nxh5 Kxf2 60. Kxc4 Ke3 61. Kd5 Kf3 62. Ke5 1-0

[Event "Bad Woerishofen op"]
[Site "?"]
[Date "2003.??.??"]
[Round "3"]
[White "Bienhuels, Michael"]
[Black "Minnebo, Alain"]
[Result "1-0"]
[WhiteElo "1912"]
[BlackElo "2262"]
[Annotator "ChessOrg"]
[PlyCount "75"]

1. Nf3 c5 2. g3 g6 3. Bg2 Bg7 4. O-O Nc6 5. d3 d5 6. Nbd2 Nf6 7. e4 O-O 8. Re1
Bg4 9. exd5 Nxd5 10. h3 Bxf3 11. Nxf3 Qd7 12. Rb1 Rad8 13. Bg5 h6 14. Be3 b6
15. Qd2 Kh7 16. Bf4 f6 17. g4 e5 18. Bg3 Nc7 19. Qe2 Ne6 20. Rbd1 Ncd4 21. Nxd4
Nxd4 22. Qd2 Rde8 23. f4 f5 24. c3 Ne6 25. gxf5 Rxf5 26. fxe5 Ng5 27. d4 Rf3
28. Re3 Rxe3 29. Qxe3 Nxh3+ 30. Kh2 Ng5 31. d5 Qg4 32. Rf1 Qh5+ 33. Kg1 Bxe5
34. Bxe5 Rxe5 35. Qd3 Qg4 36. d6 Qd7 37. Rf6 Kg7 38. Qxg6+ 1-0

[Event "Bad Woerishofen op"]
[Site "?"]
[Date "2003.??.??"]
[Round "3"]
[White "Steinhardt, Stefan"]
[Black "Seidel, Sandra"]
[Result "1/2-1/2"]
[WhiteElo "2230"]
[BlackElo "1814"]
[Annotator "ChessOrg"]
[PlyCount "24"]

1. e4 e6 2. c4 d5 3. cxd5 exd5 4. Qb3 dxe4 5. Bc4 Qe7 6. Nc3 c6 7. d3 exd3+ 8.
Kf1 Nd7 9. Be3 Ne5 10. Re1 Nxc4 11. Qxc4 Be6 12. Qxd3 Qd6 1/2-1/2